A-Z: words ending in H - Statistics

General Stats
  • This quiz has been taken 69 times
  • The average score is 14 of 26
Answer Stats
Initial letter Clue Word ending in H % Correct
E Garden substance which has the same name as a planet Earth
95%
A Burnt powder, cinders Ash
92%
C Money in solid form Cash
92%
Y Childhood Youth
91%
I Distance equal to 2.54 cm Inch
89%
F To go and get an object Fetch
86%
O The world's biggest bird Ostrich
84%
H Silence Hush
81%
Q To satisfy a thirst Quench
81%
Z The point the sun reaches if it is directly overhead; the pinnacle Zenith
78%
L Expert in keys and the mechanisms which they open Locksmith
77%
M Part of something which has been divided by 1,000,000 Millionth
58%
T Via; from one end of to the other Through
56%
N V-shaped indentation Notch
55%
J A medusa, a marine invertebrate in the cnidarian phylum Jellyfish
50%
G Narrow ravine which a stream flows down Gulch
38%
D A lack Dearth
34%
K Originally a clogmaker's hot iron, to put this on something is a phrase meaning to stop an event from happening Kibosh
33%
U To decouple, to remove the hook/fastener connecting two objects Unhitch
27%
S The world's fastest fish (at 68 mph) Sailfish
23%
P A violent attempt to overthrow a government, a coup Putsch
17%
V Flowering plant related to the pea Vetch
16%
W With which or by which Wherewith
11%
X An engraving on wood Xylograph
9%
R Loose, varied rock and dust which sits above solid rock Regolith
8%
B Large mass of igneous rock formed from cooled magma Batholith
6%
No matching quizzes found
Score Distribution
Percent of People with Each Score
Percentile by Number Answered
Your Score History
You have not taken this quiz